000 00894nam a2200277 a 4500
003 AR-BaBNM
005 20251128205510.0
008 082120s2002 ||||||||||||||000 | spa||
020 _a987-95865
040 _cAR-BaBNM
245 0 0 _aMonumentos Históricos de la República Argentina
_bregiones culturales : guía 1996
260 _aBuenos Aires
_bMinisterio de Cultura y Educación de la Nación
_bSecretaría de Cultura de la Nación
_bMinisterio de Cultura y Educación
_c1996
300 _a158 p.
_bil., láms., mapas
650 4 _aTURISMO
650 4 _aMUSEOS
650 4 _aMONUMENTOS HISTORICOS
650 4 _aVISITAS A LOS MUSEOS
650 4 _aARTE RELIGIOSO
650 4 _aDISEÑO ARQUITECTONICO
650 4 _aEDIFICIOS RELIGIOSOS
650 4 _aPATRIMONIO CULTURAL
651 4 _aArgentina
700 1 _aFaillace, Magdalena
_eprologuista
942 _cBK
998 _cMariana
999 _c11643
_d11643